Nelegálna práca a nelegálne zamestnávanie

Negatívne dôsledky nelegálnej práce. Problematika nelegálnej práce podľa zákona č. 82/2005 Z.z. o nelegálnej práci a nelegálnom zamestnávaní.

Salvato in:
Dettagli Bibliografici
Autore principale: Mrukviová Tomiová, Sandra
Natura: Capitolo di libro
Lingua:slovacco
Soggetti:
Tags: Aggiungi Tag
Nessun Tag, puoi essere il primo ad aggiungerne!!

MARC

LEADER 00000naa a2200000 4500
001 0260396
005 20191217072637.8
041 0 |a slo 
044 |a SK 
245 1 0 |a Nelegálna práca a nelegálne zamestnávanie  |c Sandra Mrukviová Tomiová 
520 |a Negatívne dôsledky nelegálnej práce. Problematika nelegálnej práce podľa zákona č. 82/2005 Z.z. o nelegálnej práci a nelegálnom zamestnávaní. 
610 2 0 |a zákony 
610 2 0 |a Slovensko 
610 2 0 |a práca nelegálna 
610 2 0 |a zamestnávatelia 
610 2 0 |a osoby fyzické 
610 2 0 |a osoby právnické 
610 2 0 |a podnikatelia 
100 1 |a Mrukviová Tomiová, Sandra